Basic nutrition and diet therapy : (Record no. 16256)
[ view plain ]
| 000 -LEADER | |
|---|---|
| fixed length control field | 00628nam a22002297a 4500 |
| 003 - CONTROL NUMBER IDENTIFIER | |
| control field | FEu |
| 005 - DATE AND TIME OF LATEST TRANSACTION | |
| control field | 20150828152105.0 |
| 008 - FIXED-LENGTH DATA ELEMENTS--GENERAL INFORMATION | |
| fixed length control field | 130226t xxu||||| |||| 00| 0 eng d |
| 020 ## - INTERNATIONAL STANDARD BOOK NUMBER | |
| International Standard Book Number | 9789715847629 |
| 050 ## - LIBRARY OF CONGRESS CALL NUMBER | |
| Classification number | RM 217 |
| Item number | .C371 2008 |
| 100 ## - MAIN ENTRY--PERSONAL NAME | |
| Personal name | Caudal, Maria Lourdes C. |
| 245 ## - TITLE STATEMENT | |
| Title | Basic nutrition and diet therapy : |
| Remainder of title | laboratory manual for nursing students / |
| Statement of responsibility, etc | Caudal, Maria Lourdes C. |
| 250 ## - EDITION STATEMENT | |
| Edition statement | rev. ed. |
| 260 ## - PUBLICATION, DISTRIBUTION, ETC. (IMPRINT) | |
| Place of publication, distribution, etc | Quezon City : |
| Name of publisher, distributor, etc | C & E Pub., |
| Date of publication, distribution, etc | 2008. |
| 300 ## - PHYSICAL DESCRIPTION | |
| Extent | 94 pages : |
| Dimensions | 26 cm. |
| 562 ## - COPY AND VERSION IDENTIFICATION NOTE | |
| Number of copies | 1 |
| 942 ## - ADDED ENTRY ELEMENTS (KOHA) | |
| Source of classification or shelving scheme | Library of Congress Classification |
| Koha item type | Books |
| Call number prefix | Local |
| Withdrawn status | Lost status | Source of classification or shelving scheme | Damaged status | Home library | Current library | Shelving location | Date acquired | Source of acquisition | Total Checkouts | Full call number | Barcode | Date last seen | Copy number | Price effective from | Koha item type |
|---|---|---|---|---|---|---|---|---|---|---|---|---|---|---|---|
| Library of Congress Classification | Archives | Archives | General Circulation Section | 02/26/2013 | Donation | RM 217 .C371 2008 | C11078 | 05/15/2018 | 1 | 02/26/2013 | Books | ||||
| Library of Congress Classification | Archives | Archives | 12/14/2013 | Donation | RM 217 .C371 2008 | C11079 | 05/15/2018 | 4 | 12/14/2013 | Books | |||||
| Library of Congress Classification | Archives | Archives | 08/28/2015 | Donation | RM 217 .C371 2008 | C19861 | 05/15/2018 | 08/28/2015 | Books | ||||||
| Library of Congress Classification | College Library | College Library | General Circulation Section | 12/14/2013 | RM 217 .C371 2008 | C11080 | 05/15/2018 | 2 | 12/14/2013 | Books | |||||
| Library of Congress Classification | College Library | College Library | General Circulation Section | 12/14/2013 | RM 217 .C371 2008 | C11081 | 12/14/2013 | 3 | 12/14/2013 | Books |